00493cam a22002051 4500001001300000003000400013005001700017008004100034010001700075035002000092040001800112042001200130050002400142100002900166245003000195260001100225300001900236500001500255999001700270sa 68007128 DLC20260227112520.0881102s1966 xx 000 0 hino  asa 68007128  a(OCoLC)23564161 aDLCcMiUdDLC apremarc00aPK2098.S49bB3 19661 aSharma, Shri Ram,d1909-10aBālū kī dīvāra. c[1966] a176 p.c19 cm. aRomanized. c81644d81644